[Event "I Open"]
[Site "La Laguna ESP"]
[Date "2007.03.07"]
[Round "4"]
[White "Diaz Franco,F"]
[Black "Perez Celis,A"]
[Result "1/2-1/2"]
[WhiteElo "2078"]
[BlackElo "1752"]

1.Nf3 Nf6 2.d4 e6 3.c4 b6 4.Nc3 Bb7 5.Qc2 Bb4 6.Bg5 Bxc3+ 7.Qxc3 d5 8.e3 Nbd7
9.cxd5 Bxd5 10.Be2 O-O 11.O-O Ne4 12.Bxd8 Nxc3 13.bxc3 Rfxd8 14.c4 Bb7 15.a4 a5
16.Rfb1 Ba6 17.e4 f6 18.d5 e5 19.Nd2 Nc5 20.f3 Rab8 21.Kf2 Kf7 22.Nf1 Rd7
23.Ne3 g6 24.h4 Rdd8 25.Nd1 Bc8 26.Nc3 Ba6 27.Ke3 Rd7 28.g3 Bc8 29.Rb2 Ba6
30.Rab1 Rdd8 31.Bf1 Rb7 32.Ra1 Rbb8 33.Nd1 Bc8 34.Bd3 Ba6 35.Nc3 Rd7 36.Rab1 Rdd8
37.Rf2 Kg7 38.Ra2 Bc8 39.h5 Bd7 40.Bc2 Rh8 41.Raa1 Rbf8 42.Re1 f5 43.hxg6 hxg6
44.Rh1 fxe4 45.fxe4 Rxh1 46.Rxh1 g5 47.Ke2 Bg4+ 48.Kd2 Rf3 49.Nb5 Rf7 50.Nc3 Rf3
51.Nb5 Rf7 52.Nc3  1/2-1/2

[Event "64th ch-GEO w"]
[Site "Tbilisi GEO"]
[Date "2007.03.07"]
[Round "6"]
[White "Dzagnidze,N"]
[Black "Charkhalashvili,I"]
[Result "1/2-1/2"]
[WhiteElo "2463"]
[BlackElo "2316"]

1.d4 Nf6 2.Nf3 e6 3.c4 b6 4.Nc3 Bb7 5.Bg5 Be7 6.e3 O-O 7.Bd3 d5 8.Bxf6 Bxf6
9.cxd5 exd5 10.O-O Nd7 11.b4 c6 12.Qb3 Rc8 13.a4 Rc7 14.Rfc1 Nb8 15.a5 Qd6
16.axb6 axb6 17.Qc2 Bd8 18.Bxh7+ Kh8 19.Bd3 Nd7 20.Qe2 g6 21.Rab1 Kg7 22.e4 dxe4
23.Nxe4 Qe7 24.Qb2 Nf6 25.Re1 Nxe4 26.Bxe4 Qd6 27.b5 cxb5 28.Bxb7 Rxb7 29.Qxb5 Bf6
30.d5 Rd8 31.Red1 Rc7 32.h4 Rc5 33.Qxb6 Qxb6 34.Rxb6 Rcxd5 35.Rxd5 Rxd5 36.g3 Ra5
37.Kg2 Ra2 38.Rb7 Rc2 39.Rd7 Ra2 40.Nd2 Ra4 41.Nb3 Rc4 42.Kh3 Bc3 43.Nc1 Ra4
44.Ne2 Be1 45.Kg2 Ra2 46.Kf1 Ra1 47.Ng1 Bb4+ 48.Kg2 Bc5 49.Rd2 Ra7 50.Nh3 Bb4
51.Rc2 Bd6 52.Ng5 Be7 53.Nh3 Bd6 54.Rc6 Be5 55.Ng5 Ra2 56.Rc4 Bf6 57.Ne4 Be5
58.Rb4 Rc2 59.Kf3 Ra2 60.Rb7 Bd4 61.Rd7 Bb6 62.g4 Ra3+ 63.Kg2 Ra2 64.Kg3 Rc2
65.g5 Bc7+ 66.Kg2  1/2-1/2

[Event "TCh-NOR 2006-7"]
[Site "Oslo NOR"]
[Date "2007.03.10"]
[Round "8"]
[White "Thorstensen,T"]
[Black "Urkedal,F"]
[Result "0-1"]
[WhiteElo "2244"]
[BlackElo "2140"]

1.Nf3 Nf6 2.d4 e6 3.c4 b6 4.Nc3 Bb4 5.Qc2 Bb7 6.Bg5 O-O 7.e3 h6 8.Bxf6 Qxf6
9.Be2 Qd8 10.O-O Be7 11.a3 c5 12.Rfd1 d6 13.b4 Nd7 14.dxc5 bxc5 15.Nb5 Qb6
16.Rab1 cxb4 17.Rxb4 Qc6 18.Qb1 Nc5 19.Ne1 Rfb8 20.Bf3 Qd7 21.Nd3 Nxd3 22.Bxb7 Nxf2
23.Kxf2 Rxb7 24.Nxd6 Rxb4 25.Qxb4 Qc7 26.c5 Rb8 27.Qf4 Bg5 28.Qc4 Rb2+ 29.Kf3 Qe7
30.Ne4 f5 31.Nd6 Qf6 32.c6 Qg6 33.g4 fxg4+ 34.Kg3 Bh4+ 35.Kxh4 Qg5+ 36.Kg3 Qxe3+
37.Kxg4 Rg2+ 38.Kh4 Rxh2+ 39.Kg4 h5+  0-1

[Event "TCh-BEL 2006-7"]
[Site "Belgium BEL"]
[Date "2007.03.11"]
[Round "10"]
[White "Ooms,A"]
[Black "Bertrem,S"]
[Result "1-0"]
[WhiteElo "2222"]
[BlackElo "2189"]

1.d4 Nf6 2.Nf3 e6 3.c4 b6 4.Nc3 Bb7 5.a3 d5 6.g3 Nbd7 7.Bf4 Bd6 8.cxd5 Nxd5
9.Bxd6 Nxc3 10.bxc3 cxd6 11.Bg2 Qc7 12.Rc1 O-O 13.O-O Rac8 14.Nd2 Bxg2 15.Kxg2 d5
16.f4 Qd6 17.Qa4 Rc7 18.Rc2 Rfc8 19.Rfc1 Nf6 20.Kf3 h5 21.h3 h4 22.Qb4 Qxb4
23.axb4 hxg3 24.Kxg3 Kf8 25.Kf3 Ke7 26.Ke3 Ne8 27.Kd3 Nd6 28.Rg1 Kf6 29.e3 Nb5
30.Nb1 g6 31.Rg3 a5 32.bxa5 bxa5 33.Rg1 a4 34.Rgc1 a3 35.Nd2 Rh8 36.Rh1 Nd6
37.Rh2 Kf5 38.Rh1 Rhc8 39.Rg1 Rh8 40.Rh1 Rhc8 41.Ra1 Nc4 42.Nxc4 dxc4+ 43.Ke2 Ke4
44.Rd2 Rd7 45.Rxa3 Rh8 46.d5 exd5 47.Ra5 Rhd8 48.Rd4+ Kf5 49.Rxc4 Rh8 50.Rd4 Ke6
51.c4 f5 52.Ra6+ Kf7 53.Rxd5 Rxd5 54.cxd5 Rxh3 55.Kd3 Rh1 56.Kd4 Re1 57.Re6 Ra1
58.Re5 Ra6 59.Kc5 Ra5+ 60.Kb6 Ra3 61.d6 Rd3 62.Kc6 Rc3+ 63.Rc5 Rd3 64.d7 g5
65.Rxf5+ Ke6 66.Re5+ Kf6 67.Rxg5 Rc3+ 68.Rc5  1-0

[Event "TCh-FIN 2006-7"]
[Site "Helsinki FIN"]
[Date "2007.03.11"]
[Round "9"]
[White "Tella,J"]
[Black "Agopov,M"]
[Result "1/2-1/2"]
[WhiteElo "2424"]
[BlackElo "2412"]

1.d4 Nf6 2.Nf3 e6 3.c4 b6 4.Nc3 Bb4 5.Bg5 Bb7 6.e3 h6 7.Bh4 g5 8.Bg3 Ne4
9.Qc2 f5 10.Bd3 d6 11.Qa4+ Nc6 12.Bxe4 fxe4 13.Nd2 Bxc3 14.bxc3 Qd7 15.Nxe4 O-O-O
16.f3 Na5 17.Qxd7+ Rxd7 18.Nd2 Ba6 19.h4 g4 20.Kf2 gxf3 21.gxf3 Nxc4 22.Nxc4 Bxc4
23.Rhg1 Rg7 24.Bf4 Rxg1 25.Rxg1 Bxa2 26.Ra1 Bd5 27.e4 Bc6 28.Rxa7 h5  1/2-1/2

[Event "ch-RUS U20"]
[Site "Saint Petersburg RUS"]
[Date "2007.03.17"]
[Round "7"]
[White "Andreikin,D"]
[Black "Lysyj,I"]
[Result "1/2-1/2"]
[WhiteElo "2509"]
[BlackElo "2576"]

1.d4 e6 2.Nf3 Nf6 3.c4 b6 4.Nc3 Bb4 5.e3 Bb7 6.Bd3 Ne4 7.O-O Bxc3 8.bxc3 O-O
9.Nd2 Nxd2 10.Bxd2 f5 11.c5 bxc5 12.Rb1 Qc8 13.Qb3 Ba6 14.c4 cxd4 15.exd4 Nc6
16.Bc3 Ne7 17.Rfe1 Ng6 18.Bf1 Re8 19.Qa4 c6 20.Bb4 d5 21.cxd5 Bxf1 22.Kxf1 cxd5
23.Rec1 Qd8 24.g3 f4 25.Ba3 a5 26.Rb7 Rc8 27.Rxc8 Qxc8 28.Rc7 Qa6+ 29.Ke1 Rd8
30.Qc6 Qxc6 31.Rxc6 e5 32.Rd6 Rxd6 33.Bxd6 fxg3 34.hxg3 exd4 35.a4 Kf7 36.Bc7 Ke6
37.Bxa5 Ne5 38.Bc7 Nc4 39.Ke2 h5 40.Bd8 d3+ 41.Kxd3 Nb2+ 42.Ke3 Nxa4 43.Kf4 Nc5
44.Kg5 d4 45.Kg6 Ke5 46.Ba5 Ne6 47.Be1 Ke4 48.Kxh5 Kf5 49.Bb4 d3 50.Bc3 g6+
51.Kh6 g5 52.f3 Nd4 53.g4+ Kf4 54.Bd2+ Kxf3 55.Kxg5 Nb3 56.Bb4 Nd4 57.Kh5  1/2-1/2

[Event "Open"]
[Site "Zagreb CRO"]
[Date "2007.03.17"]
[Round "1"]
[White "Lescan,M"]
[Black "Bender,I"]
[Result "0-1"]
[WhiteElo "1991"]
[BlackElo "2311"]

1.d4 Nf6 2.Nf3 e6 3.c4 b6 4.Nc3 Bb4 5.Bg5 Bb7 6.e3 h6 7.Bxf6 Qxf6 8.Rc1 O-O
9.a3 Bxc3+ 10.Rxc3 d6 11.Be2 Nd7 12.O-O Qe7 13.b4 c5 14.Rd3 Rfd8 15.dxc5 dxc5
16.b5 e5 17.Ne1 e4 18.Rd2 Ne5 19.Kh1 Qh4 20.f4 exf3 21.Nxf3 Bxf3 22.Bxf3 Rxd2
23.Qxd2 Nxf3 24.gxf3 Qxc4 25.Rg1 Qxb5 26.Qc3 g6 27.Qf6 Qe8 28.h4 h5 29.e4 Rc8
30.Rd1 Qe6 31.Rd8+ Rxd8 32.Qxd8+ Kg7 33.Kg2 Qa2+ 34.Kg3 Qxa3 35.e5 Qa2 36.Qf6+ Kh7
37.Qe7 Qe6 38.Qxa7 Qxe5+ 39.f4 Qe3+ 40.Kg2 Qxf4 41.Qxb6 Qg4+ 42.Kf1 Qf3+
43.Kg1 c4  0-1

[Event "ch-KAZ"]
[Site "Astana KAZ"]
[Date "2007.03.20"]
[Round "1"]
[White "Kairbekov,R"]
[Black "Zhumabayev,R"]
[Result "1/2-1/2"]
[WhiteElo "2239"]
[BlackElo "2421"]

1.d4 Nf6 2.c4 e6 3.Nf3 b6 4.Nc3 Bb4 5.Qb3 c5 6.a3 Ba5 7.Bg5 h6 8.Bh4 g5 9.Bg3 g4
10.Nd2 cxd4 11.Nb5 Ne4 12.Nd6+ Nxd6 13.Bxd6 Nc6 14.O-O-O Bxd2+ 15.Rxd2 Qf6
16.f4 gxf3 17.exf3 e5 18.c5 bxc5 19.Qd5 Bb7 20.Qxc5 Rc8 21.Rc2 h5 22.Bb5 Rh6
23.Bxc6 Rxc6 24.Qxe5+ Qxe5 25.Bxe5 Rxc2+ 26.Kxc2 Rg6 27.g3 Bxf3 28.Re1 Re6
29.Kd2 d3 30.Kxd3 f5 31.Bc3 Be4+ 32.Kd4 Kf7 33.a4 Kg6 34.Re2 Kg5 35.h3 Rd6+
36.Kc5 Rd5+ 37.Kc4 Rd3 38.Bd2+ Kf6 39.Bf4 Rf3 40.Re3 Rf2 41.b4 d5+ 42.Kc3 Rc2+
43.Kb3 d4 44.Re1 Rc3+ 45.Kb2 Rc2+ 46.Kb3 Rc3+ 47.Kb2 h4 48.gxh4 Rxh3 49.b5 Rxh4
50.Bc7 Rh7 51.b6 axb6 52.Bxb6 Ke5 53.a5 Rh6 54.Ra1 f4 55.Bc7+ Kf5 56.a6 Rc6
57.Bd8 d3 58.a7 Rc8 59.Ba5 f3 60.Be1 Rc2+ 61.Kb3 Bd5+ 62.Kb4 Rc8 63.Bg3 Kg4
64.Bf2 Kh3 65.Bc5 Ba8 66.Rd1 Rd8 67.Kc3 Be4 68.Be3 Rd7 69.Kd2 Rc7 70.Rc1 Rf7
71.Rh1+ Kg2 72.Rg1+ Kh2 73.Rf1 Rf8 74.Bd4 Rg8 75.Be3 Rg6 76.Bd4 Rg8 77.Be3 Re8
78.Ra1 Rd8 79.Ra4 Ba8 80.Rd4 Rxd4 81.Bxd4 Kg2 82.Kxd3 f2 83.Bxf2 Kxf2 84.Kd4 Kf3
85.Kc5 Be4 86.Kd6 Kf4 87.Kc7 Ke5 88.Kb8 Kd6 89.a8=R Bxa8 90.Kxa8  1/2-1/2

[Event "Rector Cup w"]
[Site "Kharkiv UKR"]
[Date "2007.03.21"]
[Round "5"]
[White "Maiko,A"]
[Black "Aketaeva,D"]
[Result "0-1"]
[WhiteElo "2075"]
[BlackElo "2260"]

1.d4 Nf6 2.Nf3 e6 3.c4 b6 4.Nc3 Bb7 5.Bg5 Bb4 6.e3 h6 7.Bh4 Bxc3+ 8.bxc3 d6
9.Be2 Nbd7 10.O-O g5 11.Bg3 Ne4 12.Qc2 h5 13.h4 g4 14.Nd2 Nxd2 15.Qxd2 Qe7
16.a4 a5 17.Bd3 O-O-O 18.Qc2 Rdf8 19.Be4 Ba6 20.Qb3 Nb8 21.f4 gxf3 22.Bxf3 Rfg8
23.Bf2 Nd7 24.Rfd1 Rg7 25.c5 dxc5 26.Qc2 Bb7 27.Bxb7+ Kxb7 28.Qe4+ Kb8 29.d5 Rg4
30.Qd3 Rhg8 31.g3 Rxg3+ 32.Kf1 Qxh4 33.dxe6 Qh1+ 34.Ke2 Qf3+ 35.Ke1 Rg2 36.Qe2 Qxe2+
37.Kxe2 Ne5 38.e7 Nc6 39.Rd7 Kc8 40.Rad1 Re8 41.Kf3 Rg4 42.R7d5 Rxe7 43.Rxh5 Rxa4
44.Bh4 Re8  0-1

[Event "Open"]
[Site "Zagreb CRO"]
[Date "2007.03.22"]
[Round "6"]
[White "Sribar,P"]
[Black "Frank,V"]
[Result "1-0"]
[WhiteElo "2189"]
[BlackElo "2287"]

1.d4 Nf6 2.c4 e6 3.Nf3 b6 4.Nc3 Bb7 5.Bg5 Be7 6.Qc2 c5 7.e4 cxd4 8.Nxd4 d6
9.Be2 Nbd7 10.O-O Rc8 11.Rad1 a6 12.f4 h6 13.Bh4 g5 14.fxg5 hxg5 15.Bxg5 Ne5
16.Nf3 Qc7 17.Nxe5 Qc5+ 18.Rf2 Qxe5 19.Bf4 Qc5 20.Qd3 Rd8 21.a3 Nh5 22.Be3 Qa5
23.Rdf1 f6 24.b4 Qxa3 25.Bxb6 Rc8 26.Rb1 f5 27.exf5 Bf6 28.fxe6 Qxc3 29.Qg6+ Kf8
30.Qf7+  1-0

[Event "ch-KAZ"]
[Site "Astana KAZ"]
[Date "2007.03.23"]
[Round "4"]
[White "Kairbekov,R"]
[Black "Moiseenko,Ilya"]
[Result "0-1"]
[WhiteElo "2239"]
[BlackElo "2308"]

1.d4 Nf6 2.c4 e6 3.Nf3 b6 4.Nc3 Bb4 5.Qb3 c5 6.a3 Ba5 7.e3 Bb7 8.Be2 Na6
9.O-O O-O 10.Nb5 d5 11.cxd5 exd5 12.dxc5 bxc5 13.Nd6 Qxd6 14.Qxb7 Nc7 15.Qb3 Ne4
16.Rd1 Qf6 17.Rb1 Rfe8 18.Qc2 Bb6 19.b4 c4 20.a4 a5 21.b5 Nc3 22.Bb2 Nxe2+
23.Qxe2 c3 24.Bc1 d4 25.Qc4 Rac8 26.Re1 Qf5 27.Ra1 Nd5 28.Nxd4 Bxd4 29.Qxd4 Nb4
30.Qa7 Nc2 31.Ba3 Nxe1 32.Rxe1 Qc2 33.Qxa5 Ra8 34.Qc7 Qxa4 35.Bc1 Rac8 36.Qd7 Red8
37.Qf5 g6 38.Qf3 Qxb5 39.e4 Qd3 40.Qf6 Qxe4 41.Be3 c2  0-1

[Event "Vladimir Zak mem"]
[Site "St Petersburg RUS"]
[Date "2007.03.25"]
[Round "2"]
[White "Kryschilovskij,A"]
[Black "Zhukov,Dm"]
[Result "1/2-1/2"]
[WhiteElo "2339"]
[BlackElo "2176"]

1.d4 Nf6 2.c4 e6 3.Nf3 b6 4.Nc3 Bb7 5.e3 Bb4 6.Bd3 O-O 7.O-O d5 8.cxd5 exd5
9.a3 Bxc3 10.bxc3 c5 11.Ne5 Nc6 12.Nxc6 Bxc6 13.f3 Re8 14.Ra2 Qd7 15.Re1 Bb5
16.Bb1 Rad8 17.Rf2 cxd4 18.cxd4 Bc4 19.Bb2 Qc6 20.Bf5 a5 21.Qb1 g6 22.Bc2 Re7
23.e4 Rde8 24.e5 Nh5 25.Bc1 Qb5 26.Qa1 Bd3 27.Bd1 Rc7 28.Bh6 Ng7 29.Bxg7 Kxg7
30.f4 Be4 31.Bg4 Qd3 32.f5 gxf5 33.Bh3  1/2-1/2

[Event "Vladimir Zak mem"]
[Site "St Petersburg RUS"]
[Date "2007.03.27"]
[Round "4"]
[White "Churkin,V"]
[Black "Efremova,D"]
[Result "1-0"]
[WhiteElo "2309"]
[BlackElo "2027"]

1.d4 Nf6 2.c4 e6 3.Nf3 b6 4.Nc3 Bb4 5.Bg5 Bb7 6.Qc2 d6 7.Qa4+ Nc6 8.d5 Bxc3+
9.bxc3 exd5 10.cxd5 h6 11.dxc6 b5 12.Bxf6 Qxf6 13.Qd4 Bxc6 14.Qxf6 gxf6 15.Nd4 Bd7
16.e3 a6 17.Bd3 Rg8 18.g3  1-0

[Event "Vladimir Zak mem"]
[Site "St Petersburg RUS"]
[Date "2007.03.29"]
[Round "6"]
[White "Kryschilovskij,A"]
[Black "Eliseev,Alexe"]
[Result "1-0"]
[WhiteElo "2339"]
[BlackElo "2424"]

1.d4 Nf6 2.Nf3 e6 3.c4 b6 4.Nc3 Bb4 5.e3 Bxc3+ 6.bxc3 Bb7 7.Bd3 d6 8.O-O Nbd7
9.Nd2 Qe7 10.e4 e5 11.Re1 Nf8 12.Nf1 Ne6 13.Ne3 O-O 14.Nf5 Qd8 15.Qf3 Nd7
16.Qg3 g6 17.Bh6 Re8 18.c5 bxc5 19.d5 Nf4 20.Bb5 Nh5 21.Qf3 a6 22.Ba4 Bc8
23.Rab1 f6 24.Bc6 Ra7 25.c4 Kh8 26.Rb3 Rg8 27.Ne3 Nb6 28.Nd1 Nxc4 29.Rb8 Qe7
30.Nc3 Bd7 31.Reb1 Nb6 32.Rxg8+ Kxg8 33.a4 a5 34.Nb5 Bxc6 35.Nxa7 Bxa4 36.Bd2 Nc4
37.Rb8+ Kg7 38.Bc1 Nb6 39.Nc6 Bxc6 40.dxc6 f5 41.exf5 Nf6 42.fxg6 Kxg6 43.g4 Ne8
44.Qf5+ Kg7 45.Qh5  1-0

[Event "Vladimir Zak mem"]
[Site "St Petersburg RUS"]
[Date "2007.03.30"]
[Round "7"]
[White "Chernov,Yury"]
[Black "Gorjunov,S2"]
[Result "1-0"]
[WhiteElo "2254"]
[BlackElo "2102"]

1.d4 e6 2.c4 Nf6 3.Nf3 b6 4.Nc3 Bb4 5.Bg5 h6 6.Bh4 Bxc3+ 7.bxc3 Bb7 8.e3 d6
9.Be2 g5 10.Bg3 Ne4 11.Qc2 Nd7 12.O-O Qe7 13.Nd2 Nxd2 14.Qxd2 h5 15.f3 h4
16.Be1 f5 17.Bd3 O-O-O 18.Qe2 Nf6 19.c5 dxc5 20.Ba6 c4 21.Qxc4 Nd5 22.Bd2 Qd6
23.e4 Nf4 24.e5 Qd5 25.Qxd5 Rxd5 26.Bc4 Kd7 27.Bxf4 gxf4 28.Bxd5 Bxd5 29.Kf2 Kc6
30.Rfc1 Bc4 31.Rg1 Rd8 32.g3 hxg3+ 33.hxg3 fxg3+ 34.Rxg3 Rd5 35.Rg7 Rb5 36.Rg2 Ra5
37.a3 Rb5 38.Ke3 Rb3 39.Rc2 Kb5 40.a4+ Ka5 41.Rg1 Kxa4 42.Rg7 Ra3 43.Rxc7 Kb3
44.Rc1 b5 45.Rc5 Kb2 46.Kd2 a5 47.d5 Bxd5 48.Rxd5 Rb3 49.Rd6 a4 50.Rxe6 a3
51.Ra6 b4 52.cxb4 Rxb4 53.Rc2+ Kb3 54.Rc3+  1-0

[Event "18th Pobeskydi Chance Cup"]
[Site "Frydek Mistek CZE"]
[Date "2007.04.06"]
[Round "3"]
[White "Lasinskas,P"]
[Black "Nytrova,A"]
[Result "1-0"]
[WhiteElo "2181"]
[BlackElo "1900"]

1.d4 Nf6 2.c4 e6 3.Nf3 b6 4.Nc3 Bb4 5.Bg5 Bb7 6.e3 d6 7.Qc2 Nbd7 8.Bd3 c5
9.O-O Bxf3 10.gxf3 Qc7 11.d5 Ne5 12.Bxf6 gxf6 13.f4 Nf3+ 14.Kh1 e5 15.Qe2 Bxc3
16.bxc3 Nh4 17.f5 h5 18.f3 Qd7 19.e4 Rg8 20.Rg1 O-O-O 21.Qf2 Rxg1+ 22.Rxg1 Nxf5
23.exf5 Rh8 24.Rg7 Qb7 25.Qh4 Rh6 26.Qg3 Rh8 27.Rg8+ Rxg8 28.Qxg8+  1-0

[Event "9th Open"]
[Site "Foxwoods USA"]
[Date "2007.04.07"]
[Round "7"]
[White "Izoria,Z"]
[Black "Bartell,T"]
[Result "1-0"]
[WhiteElo "2641"]
[BlackElo "2389"]

1.d4 Nf6 2.Nf3 e6 3.c4 b6 4.Nc3 Bb7 5.a3 d5 6.cxd5 exd5 7.Bg5 Nbd7 8.e3 Be7
9.Bd3 O-O 10.O-O Ne4 11.Bxe7 Qxe7 12.Rc1 c5 13.dxc5 bxc5 14.Ne2 Ndf6 15.Ng3 a5
16.Qe2 Rfb8 17.Rfd1 g6 18.Qc2 h5 19.Bf1 Ng4 20.Nxe4 dxe4 21.Bc4 Bc6 22.h3 Qf6
23.Ng5 Qxg5 24.hxg4 hxg4 25.Rd6 Rc8 26.Qc3 Ra7 27.g3 Rd8  1-0

[Event "18th Pobeskydi Chance Cup"]
[Site "Frydek Mistek CZE"]
[Date "2007.04.07"]
[Round "5"]
[White "Klecker,T"]
[Black "Konstacky,M"]
[Result "1/2-1/2"]
[WhiteElo "2047"]
[BlackElo "2012"]

1.Nf3 Nf6 2.c4 e6 3.d4 b6 4.Nc3 Bb4 5.Bd2 Bb7 6.a3 Bxc3 7.Bxc3 d6 8.e3 Nbd7
9.Bd3 Qe7 10.O-O O-O 11.b4 e5 12.Nd2 e4 13.Be2 Ne8 14.a4 f5 15.c5 d5 16.a5 c6
17.axb6 axb6 18.Rxa8 Bxa8 19.Qa4 Qd8 20.Ra1 Nc7 21.cxb6 Nxb6 22.Qa5 Nc8 23.b5 cxb5
24.Bb4 Nd6 25.Rc1 Ne6 26.Qxd8 Rxd8 27.Bxd6 Rxd6 28.Bxb5 Bb7 29.Nb3 Rb6 30.Ba4 Rb4
31.Bd7 Nf8 32.Nc5 Nxd7 33.Nxd7 h6 34.Nc5 Bc8 35.Nxe4 Ba6 36.Nc5 Bc4 37.h4 Kh7
38.g3 g5 39.hxg5 hxg5 40.Kg2 Be2 41.Re1 Rb2 42.Na4 Rc2 43.Rxe2 Rxe2 44.Nc3 Rd2
45.Nxd5 Kg6 46.g4 fxg4 47.Ne7+ Kf6 48.Nc6 Kf5 49.Ne5 Rd1  1/2-1/2

[Event "18th Pobeskydi Chance Cup"]
[Site "Frydek Mistek CZE"]
[Date "2007.04.08"]
[Round "7"]
[White "Lasinskas,P"]
[Black "Hudziak,P"]
[Result "1-0"]
[WhiteElo "2181"]
[BlackElo "2201"]

1.d4 Nf6 2.c4 e6 3.Nf3 b6 4.Nc3 Bb4 5.Bg5 c5 6.a3 Bxc3+ 7.bxc3 Bb7 8.e3 h6
9.Bh4 d6 10.Nd2 Qe7 11.f3 e5 12.d5 g5 13.Bf2 Nbd7 14.Bd3 Nh5 15.Qc2 Ng7 16.a4 a5
17.Rb1 Kd8 18.O-O Kc7 19.f4 f6 20.Bg3 gxf4 21.exf4 Nh5 22.Bh4 Nxf4 23.Bf5 Rhg8
24.Rf2 Ba6 25.g3 Nh5 26.Be6 Rg7 27.Kh1 Nf8 28.Bf5 Rg8 29.Qd3 e4 30.Nxe4 Re8
31.g4 Bc8 32.Nxd6 Qxd6 33.Bxc8 Kxc8 34.gxh5 Nd7 35.Bg3 Qe7 36.Rf4 Qe3 37.Qf5 Rg5
38.Qh3 Qe2 39.Re1 Qxh5 40.Rxe8+ Qxe8 41.Qe6 Qg6 42.Qc6+ Kd8 43.d6  1-0

[Event "19th Kreuz Open"]
[Site "Lenk SUI"]
[Date "2007.04.09"]
[Round "6"]
[White "Broennimann,M"]
[Black "Miralles,G"]
[Result "1/2-1/2"]
[WhiteElo "2224"]
[BlackElo "2486"]

1.d4 Nf6 2.c4 e6 3.Nf3 b6 4.Nc3 Bb4 5.Qc2 Bb7 6.Bg5 h6 7.Bh4 g5 8.Bg3 Ne4
9.e3 Bxc3+ 10.bxc3 d6 11.Bd3 Nxg3 12.fxg3 Nd7 13.O-O Qe7 14.Be4 O-O-O 15.Bxb7+ Kxb7
16.a4 a5 17.c5 dxc5 18.Qe4+ Kb8 19.Rab1 f5 20.Qc6 Qd6 21.Qb5 g4 22.Nd2 cxd4
23.cxd4 Qd5 24.Qa6 Qb7 25.Qc4 Qd5 26.Qa6 Qb7 27.Qc4 Qd5 28.Qa6  1/2-1/2

[Event "Elitzur Winter"]
[Site "Givataim ISR"]
[Date "2007.04.10"]
[Round "4"]
[White "Porat,Ma"]
[Black "Lerner,K"]
[Result "0-1"]
[WhiteElo "2153"]
[BlackElo "2524"]

1.d4 Nf6 2.c4 e6 3.Nf3 b6 4.Nc3 Bb4 5.Qc2 Bb7 6.a3 Bxc3+ 7.Qxc3 O-O 8.b3 d6
9.Bb2 Nbd7 10.g3 Ne4 11.Qd3 f5 12.Bg2 Qe8 13.Nd2 Ndf6 14.Nxe4 Bxe4 15.Bxe4 fxe4
16.Qc3 Qh5 17.Bc1 c5 18.Be3 Rac8 19.Qd2 d5 20.cxd5 exd5 21.Rc1 c4 22.Qa2 b5
23.a4 b4 24.a5 Ng4 25.Qa4 Nxe3 26.fxe3 Qg5 27.Qb5 c3 28.Rc2 Qxe3 29.Qxd5+ Kh8
30.Qe5 Qf2+  0-1

[Event "9th Open"]
[Site "Dubai UAE"]
[Date "2007.04.27"]
[Round "6"]
[White "Anastasian,A"]
[Black "Kotsur,P"]
[Result "0-1"]
[WhiteElo "2552"]
[BlackElo "2588"]

1.d4 Nf6 2.c4 e6 3.Nf3 b6 4.Nc3 Bb4 5.Bg5 Bb7 6.Nd2 h6 7.Bh4 Nc6 8.e3 Ne7
9.f3 Nf5 10.Bf2 c5 11.a3 cxd4 12.exd4 Bxc3 13.bxc3 O-O 14.Bd3 d5 15.O-O Ba6
16.Qc2 dxc4 17.Bxf5 exf5 18.Qxf5 Nd5 19.Rac1 Bc8 20.Qc2 Qg5 21.h4 Qf5 22.Qe4 b5
23.Bg3 Bd7 24.a4 Rfe8 25.Qxf5 Bxf5 26.axb5 Bd3 27.Rf2 Re6 28.Kh2 Rb6 29.Kh3 Rxb5
30.Ne4 a5 31.Nc5 Bf5+ 32.Kh2 a4 33.Ra2 a3 34.Ne4 Rb2 35.Rxb2 axb2 36.Rb1 Ra2
37.Be1 Nf6  0-1

[Event "TCh-RUS w"]
[Site "Sochi RUS"]
[Date "2007.05.01"]
[Round "1"]
[White "Galliamova,A"]
[Black "Zhao Xue"]
[Result "1-0"]
[WhiteElo "2477"]
[BlackElo "2467"]

1.d4 Nf6 2.c4 e6 3.Nf3 b6 4.Nc3 Bb7 5.Bg5 h6 6.Bh4 Be7 7.e3 Ne4 8.Nxe4 Bxe4
9.Bg3 f5 10.Nd2 Bb7 11.Qh5+ Kf8 12.Bd3 Nc6 13.O-O Qe8 14.Qe2 d6 15.d5 Ne5
16.e4 Nxd3 17.Qxd3 fxe4 18.Nxe4 Qg6 19.Rfe1 e5 20.f4 exf4 21.Bxf4 Kg8 22.Re3 Rf8
23.Rg3 Qh5 24.Bd2 Bh4 25.Bc3 Rh7 26.Re3 Bc8 27.Rf1 Rxf1+ 28.Qxf1 Bd7 29.Rf3 Qe8
30.Qd3 Qd8 31.b4 h5 32.Qd4 c5 33.bxc5 bxc5 34.Qd2 Rh6 35.Qf4 Qe7 36.Re3 Qd8
37.Nxd6 Qg5 38.Be5 Qxf4 39.Bxf4 Bg5 40.Bxg5 Rxd6 41.Ra3 Rb6 42.Rxa7 Bf5 43.Bf4 Rb4
44.d6 Rxc4 45.Be5 Kf8 46.Bxg7+ Ke8 47.Re7+ Kd8 48.Bf6 Kc8 49.Rc7+ Kb8 50.d7 Rd4
51.d8=Q+  1-0

[Event "TCh-RUS HL"]
[Site "Sochi RUS"]
[Date "2007.05.05"]
[Round "3"]
[White "Smirnov,Arte"]
[Black "Tunik,G"]
[Result "1-0"]
[WhiteElo "2403"]
[BlackElo "2468"]

1.d4 Nf6 2.c4 e6 3.Nf3 b6 4.Nc3 Bb4 5.Bg5 Bb7 6.Nd2 a6 7.Bh4 c5 8.d5 Bxc3
9.bxc3 d6 10.e4 e5 11.Bd3 Nbd7 12.f3 Nf8 13.Bf2 Bc8 14.h4 Ng6 15.g3 h5 16.Nf1 Ng8
17.Ne3 Nh6 18.a4 Bd7 19.Nf5 Nxf5 20.exf5 Ne7 21.Qc2 a5 22.O-O Qc8 23.g4 Kd8
24.Bg3 f6 25.Be4 g6 26.f4 gxf5 27.fxe5 fxe4 28.exf6 Ng6 29.Qxe4 Ne5 30.Bxe5 dxe5
31.Qxe5 Re8 32.Qf4 Qc7 33.f7 Rf8 34.Qxc7+ Kxc7 35.g5 Rh8 36.Rf6 Bg4 37.Raf1 Rhf8
38.g6 Be2 39.R1f4 Bd1 40.g7 Bxa4 41.Rg6  1-0

[Event "1st WCh-Team Women"]
[Site "Ekaterinburg RUS"]
[Date "2007.05.22"]
[Round "3"]
[White "Danielian,E"]
[Black "Jackova,J"]
[Result "1-0"]
[WhiteElo "2424"]
[BlackElo "2423"]

1.d4 Nf6 2.Nf3 e6 3.c4 b6 4.Nc3 Bb4 5.Bg5 h6 6.Bh4 c5 7.d5 d6 8.Qc2 e5 9.Nd2 g5
10.Bg3 Nh5 11.e4 Bxc3 12.Qxc3 f5 13.exf5 Bxf5 14.f3 Nd7 15.Bf2 Bg6 16.O-O-O Qe7
17.g3 O-O-O 18.Re1 Kb7 19.Be2 Ndf6 20.Bd1 Qd7 21.Qa3 Rh7 22.Ba4 Qc8 23.Re3 Kb8
24.Qc3 Ng7 25.g4 Nge8 26.Ree1 Re7 27.h4 Qa6 28.Bb3 Nh7 29.hxg5 hxg5 30.Rh6 Rg7
31.Reh1 Nef6 32.a3 Rdg8 33.Be3 Qb7 34.Nf1 e4 35.Bd2 exf3 36.Bc2 Qe7 37.Qxf3 Bxc2
38.Kxc2 Ne4 39.Ng3 Nxg3 40.Qxg3 Nf6 41.Re1 Qd8 42.Bc3 Rf7 43.Re6 Ne8 44.Rxd6 Nxd6
45.Rxd6 Qc7 46.Rxb6+ Ka8 47.Qxc7 Rxc7 48.Re6 Kb7 49.Kd3 Rf7 50.Be5 Rgf8 51.b4 Rc8
52.bxc5 Rxc5 53.Kd4 Ra5 54.Bd6 Rf1 55.Re7+ Kc8 56.Rc7+ Kd8 57.Rg7 Ra6 58.Be7+ Kc8
59.c5 Rd1+ 60.Kc4 Rc1+ 61.Kb5 Rxa3 62.d6 Rb1+ 63.Kc6 Ra6+ 64.Kd5 Rd1+ 65.Ke6 Rc6
66.Rxg5 a5 67.Rd5 Re1+ 68.Kf7 Kd7 69.g5 a4 70.g6 Rf1+ 71.Bf6 a3 72.g7 Rc8
73.Rd3 Rg1 74.Rxa3 Rxc5 75.Ra7+  1-0

[Event "ch-St Petersburg"]
[Site "St Petersburg RUS"]
[Date "2007.05.29"]
[Round "1"]
[White "Yevseev,D"]
[Black "Lanin,A"]
[Result "1-0"]
[WhiteElo "2525"]
[BlackElo "2465"]

1.d4 Nf6 2.c4 e6 3.Nf3 b6 4.Nc3 Bb7 5.a3 d5 6.cxd5 Nxd5 7.Qc2 c5 8.e4 Nxc3
9.bxc3 Be7 10.Bb5+ Bc6 11.Bd3 O-O 12.O-O Nd7 13.Bb2 b5 14.d5 exd5 15.exd5 Bxd5
16.Rad1 Bxf3 17.gxf3 Qc7 18.Bxh7+ Kh8 19.c4 Nf6 20.Be4 Rab8 21.Kh1 bxc4 22.Rg1 Rfd8
23.Rxd8+ Qxd8 24.Ba1 Kg8 25.Qc1 Ne8 26.Bc6 Kf8 27.Qxc4 Rb6 28.Bxe8 Kxe8 29.Rxg7 Qd1+
30.Kg2 Rg6+ 31.Rxg6 fxg6 32.Be5 Kd7 33.Qg4+ Kd8 34.Qxg6 Qc1 35.Qc6 Qg5+ 36.Bg3  1-0

[Event "29th Mem Nezhmetdinov"]
[Site "Kazan RUS"]
[Date "2007.06.02"]
[Round "2"]
[White "Sadykov,Air"]
[Black "Kutlaev,M"]
[Result "1-0"]
[WhiteElo "2108"]
[BlackElo "2242"]

1.d4 Nf6 2.c4 e6 3.Nf3 b6 4.Nc3 Bb7 5.a3 d5 6.cxd5 exd5 7.Bg5 a6 8.e3 Bd6
9.Ne5 h6 10.Bh4 Qe7 11.f4 g5 12.fxg5 Ne4 13.Nxe4 dxe4 14.Bc4 Bxe5 15.dxe5 hxg5
16.Bg3 Nc6 17.O-O Rh7 18.e6 fxe6 19.Qg4 O-O-O 20.Bxe6+ Kb8 21.Rac1 Rd2 22.Bf5 Rh6
23.Rfd1 Rxd1+ 24.Qxd1 Rh8 25.Qd7 Qxd7 26.Bxd7 Rh6 27.b4 b5 28.Rc5 Rg6 29.Be8 Re6
30.Bd7 Rg6 31.h3 Ne7 32.Rxc7 Ka8 33.Be8 Rg7 34.Be5 Rh7 35.Bf6  1-0

[Event "35th World Open"]
[Site "King of Prussia USA"]
[Date "2007.06.02"]
[Round "5"]
[White "Sharavdorj,D"]
[Black "Critelli,J"]
[Result "1-0"]
[WhiteElo "2454"]
[BlackElo "2264"]

1.d4 Nf6 2.Nf3 e6 3.c4 b6 4.Nc3 Bb4 5.Qc2 Bb7 6.a3 Bxc3+ 7.Qxc3 O-O 8.e3 c5
9.Be2 d5 10.b3 Nbd7 11.O-O Rc8 12.a4 Ba6 13.Ba3 Re8 14.Rac1 cxd4 15.exd4 dxc4
16.bxc4 Qc7 17.Bb2 Qf4 18.Rfe1 Ne4 19.Qb4 Ndf6 20.h3 Bb7 21.Bf1 Ng5 22.Nxg5 Qxg5
23.Re5 Qg6 24.a5 Nd7 25.Re3 f5 26.Qd6 Qf7 27.Rce1 Rc6 28.Qf4 e5 29.dxe5 Nc5
30.Rf3 Rg6 31.Rg3 Ne6 32.Qh4 f4 33.Rxg6 Qxg6 34.axb6 axb6 35.Qg4 Qc2 36.Qe2 Qg6
37.Qd3 Qg5 38.Ba3 Rd8 39.Bd6 Ra8 40.c5 Kf7 41.Qb5 Kg8 42.Qd7 Bd5 43.Be7  1-0

[Event "ch-St Petersburg"]
[Site "St Petersburg RUS"]
[Date "2007.06.02"]
[Round "5"]
[White "Matlakov,M"]
[Black "Lanin,A"]
[Result "1/2-1/2"]
[WhiteElo "2440"]
[BlackElo "2465"]

1.d4 Nf6 2.c4 e6 3.Nf3 b6 4.Nc3 Bb4 5.e3 O-O 6.Bd3 Bb7 7.O-O Bxc3 8.bxc3 d6
9.Nd2 e5 10.e4 Re8 11.Re1 Nbd7 12.a4 Nf8 13.Ra2 Ne6 14.Nb3 Nd7 15.f3 Qf6
16.Be3 h5 17.Rf2 Rad8 18.g3 Qg6 19.Rg2 h4 20.Nd2 h3 21.Rf2 Nf4 22.Bf1 f5
23.d5 Ng2 24.Bxg2 hxg2 25.exf5 Qxf5 26.g4 Qd3 27.Bg5 Rb8 28.Re3 Qg6 29.h4 Nc5
30.Kxg2  1/2-1/2